01224nam a2200301 i 4500001001000000003000900010005001700019007000300036008004100039040003000080082001300110245016100123246015000284264003400434300002600468336002700494337003300521338002800554490007000582490001700652590002800669830006200697830001000759910000700769942001300776952011600789999001700905000030916DO-SdBNP20230502115509.0ta110606s1984 dr 000 0 spa d aDO-SdBNPbspacBNPHUerda 4222bP15300aPalabras del rector de la Universidad Autónoma de Santo Domingo el Dr.. Fernando Sánchez Martínez, "los derechos humanos y el papel de la Universidad" aConferencia del rector Dr. Fernando Sánchez Martínez inauguración Cátedra extracurricular "Fray Antón de Montesino 10 de diciembre 1984 aSanto Domingo :bUASD,c1984. a19 paginas ;c22 cm. 2rdacontentatextobtxt 2rdamediaasin mediaciónbn 2rdacarrieravolumenbnc1 aPubicaciones de la Universidad Autónoma de Santov357 (CCCLVII)1 aDiscursosv7 aInventariado, 2023 / DG 0aPubicaciones de la Universidad Autónoma de Santo957434 957435 aDG 2ddccLF2 00102ddc51708PD-FaBNPHUbBNPHUcCTd2023-05-02l0oBNPHU F-PD P153p2023-1549r2023-05-02w2023-05-02yLF2 c53388d53388